But not for me (Record no. 1738)
[ view plain ]
| 000 -LEADER | |
|---|---|
| fixed length control field | 00344nam a22001457a 4500 |
| 003 - CONTROL NUMBER IDENTIFIER | |
| control field | OSt |
| 005 - DATE AND TIME OF LATEST TRANSACTION | |
| control field | 20160727222450.0 |
| 008 - FIXED-LENGTH DATA ELEMENTS--GENERAL INFORMATION | |
| fixed length control field | 160704b xxu||||| |||| 00| 0 eng d |
| 040 ## - CATALOGING SOURCE | |
| Transcribing agency | TEST |
| 100 ## - MAIN ENTRY--PERSONAL NAME | |
| 9 (RLIN) | 2038 |
| Personal name | Burchell, M |
| 245 ## - TITLE STATEMENT | |
| Title | But not for me |
| 260 ## - PUBLICATION, DISTRIBUTION, ETC. (IMPRINT) | |
| Place of publication, distribution, etc. | Toronto |
| Name of publisher, distributor, etc. | Harlequin Books |
| Date of publication, distribution, etc. | 1971 |
| 300 ## - PHYSICAL DESCRIPTION | |
| Extent | But not for me |
| 942 ## - ADDED ENTRY ELEMENTS (KOHA) | |
| Source of classification or shelving scheme | Dewey Decimal Classification |
| Koha item type | BOOK |
| Withdrawn status | Lost status | Source of classification or shelving scheme | Damaged status | Not for loan | Home library | Current library | Shelving location | Date acquired | Total Checkouts | Full call number | Barcode | Date last seen | Price effective from | Koha item type |
|---|---|---|---|---|---|---|---|---|---|---|---|---|---|---|
| Dewey Decimal Classification | Good Samaritan School Library | Good Samaritan School Library | FICTION | 07/04/2016 | 823 | BUR1241 | 07/04/2016 | 07/04/2016 | BOOK |